Regidoria de serveis socials : àmbits d'actuació i normativa àmbits d'actuació i normativa
Descripción Física:
1 tríptic ; il·lustracions color ; 21 x 30 cm
Materias:
Assistència social -- Catalunya
; Serveis socials -- Catalunya
; Municipis -- Govern i administració -- Aspectes socials
; Municipis -- Aspectes socials
; Fulletons
Idioma:
Catalán
MARC
| LEADER | 00000nam a22000007a 4500 | ||
|---|---|---|---|
| 001 | 28424 | ||
| 003 | AGDB | ||
| 005 | 20260324181522.0 | ||
| 008 | 240311b spa||||| |||| 00| 0 cat d | ||
| 017 | |a B 21986-2023 | ||
| 040 | |a agdb |b cat | ||
| 245 | |a Regidoria de serveis socials : |b àmbits d'actuació i normativa | ||
| 260 | |a Barcelona : |b Diputació de Barcelona ; |c 2023 | ||
| 300 | |a 1 tríptic ; |b il·lustracions color ; |c 21 x 30 cm | ||
| 650 | 0 | |a Assistència social |x Catalunya |2 Arxiu |9 38125 | |
| 650 | 0 | |a Serveis socials |z Catalunya |9 18033 | |
| 650 | 0 | |a Municipis |x Govern i administració |x Aspectes socials |9 70593 | |
| 650 | 0 | |a Municipis |x Aspectes socials |2 Arxiu |9 25638 | |
| 655 | 0 | |a Fulletons |9 55858 | |
| 710 | |a Barcelona (Catalunya : Província). |b Àrea de Sostenibilitat Social, Cicle de Vida i Comunitat |9 70555 | ||
| 710 | |a Barcelona (Catalunya : Província). |b Gerència de Serveis Socials |9 55835 | ||
| 856 | 4 | 0 | |u https://www.diba.cat/documents/14465/387921840/SERVEIS+SOCIALS+TRIPTIC.pdf/48f667b5-fd41-59f8-4f60-d15e4a1e5f61?t=1702547775839 |y Accés lliure (Portal diba.cat) |
| 942 | |2 udc |c ARXIU |n 1 | ||
| 952 | |0 0 |1 0 |4 0 |6 FU7672 |7 1 |9 96832 |a Arxiu |b Arxiu |d 2024-03-11 |l 0 |o FU-76-72 |p 28424 |r 2024-03-11 00:00:00 |w 2024-03-11 |y ARXIU | ||
| 999 | |c 128669 |d 128669 | ||